| 000 | 00527nam a2200205Ia 4500 | ||
|---|---|---|---|
| 008 | 170918s9999 xx 000 0 und d | ||
| 020 | _a9780545150606 | ||
| 050 | _bS857th 2006 | ||
| 100 | _aStilton, Geronimo | ||
| 245 | _aThea Stilton : | ||
| 245 | _band the mountain of fire / | ||
| 245 | _cby Geronimo Stilton. | ||
| 260 | _aNew York : | ||
| 260 | _bScholastic, | ||
| 260 | _c2006 | ||
| 300 | _a159 pages : | ||
| 300 | _bcolor illustrations ; | ||
| 300 | _c19cm. | ||
| 300 | _eGeronimo Stilton special edition. | ||
| 999 |
_c343711 _d343711 |
||